Türkiye'de yenilik tabanlı girişimcilik / (Record no. 14626)
[ view plain ]
| 000 -BAŞLIK | |
|---|---|
| Sabit Uzunlukta Kontrol Alanı | 00873nam a22002417a 4500 |
| 999 ## - SİSTEM KONTROL NUMARALARI (KOHA) | |
| Koha Biblionumber | 14626 |
| Koha Biblioitemnumber | 14626 |
| 003 - KONTROL NUMARASI IDENTIFIER | |
| Denetim Alanı | MIRAKIL |
| 005 - SON İŞLEM TARİHİ VE ZAMANI | |
| Denetim Alanı | 20211112152230.0 |
| 008 - SABİT-BOY VERİ ELEMANLARI - GENEL BİLGİLER | |
| Sabit Uzunlukta Kontrol Alanı | 211112b tu ||||| |||| 00| 0 tur d |
| 020 ## - ULUSLARARASI STANDART KİTAP NUMARASI | |
| Uluslararası Standart Kitap Numarası | 97860539995753 |
| 040 ## - KATALOGLAMA KAYNAK | |
| Orijinal Kataloglama Ajansı | TR-AnCHP |
| Kataloglama Dili | tur |
| Metne Dönüştürmek Ajansı | TR-AnCHP |
| 041 ## - DİL KODU | |
| Metin / Ses Parça Veya Ayrı Başlığın Dil Kodu | tur |
| 082 ## - DEWEY ONLU SINIFLANDIRMA NUMARASI | |
| Sınıflandırma Numarası | 338.04 |
| Ürün Numarası | T96 2021 |
| 245 ## - BAŞLIK TABLOSU | |
| Başlık | Türkiye'de yenilik tabanlı girişimcilik / |
| Sorumluluk Tablosu, Vb | derleyenler İbrahim Semih Akçomak, ... [ve başk.] |
| 260 ## - YAYIN, DAĞITIM, VB | |
| Yayın, Dağıtım, Vb Yeri | İstanbul: |
| Yayıncı, Dağıtıcı, Vs Adı | İstanbul Bilgi Üniversitesi Yayınları, |
| Yayın, Dağıtım, Vb Tarihi | 2021. |
| 300 ## - FİZİKSEL TANIM | |
| Kapsam | 402 s.: |
| Diğer Fiziksel Ayrıntıları | tbl.; hrt.; |
| Boyutlar | 24 sm. |
| 490 ## - SERİSİ TABLOSU | |
| Seri Beyanı | İstanbul Bilgi Üniversitesi Yayınları; |
| -- | Bilgi ve toplum; |
| Hacim / Ardışık Tanımı | 686. |
| -- | 14. |
| 504 ## - KAYNAKÇA VB NOT | |
| Kaynakça Vb Notu | Kaynakça ve dizin vardır. |
| 650 ## - KONU KATMA GİRİŞ - TOPİKAL DÖNEM | |
| Topikal Süreli Veya Coğrafi Ad Giriş Elemanı | Ekonomik kalkınma ve büyüme |
| Genel Alt Bölümü | Girişimcilik |
| 651 ## - KONU KATMA GİRİŞ - COĞRAFİ ADI | |
| Coğrafi İsim | Türkiye |
| Genel Alt Bölümü | Girişimcilik |
| 700 ## - KATMA GİRİŞ - KİŞİSEL İSİM | |
| 9 (RLIN) | 6828 |
| Kişisel Ad | Akçomak, İbrahim Semih |
| Relator Terim | der. |
| 700 ## - KATMA GİRİŞ - KİŞİSEL İSİM | |
| 9 (RLIN) | 6829 |
| Kişisel Ad | Beyhan, Berna |
| Relator Terim | der. |
| 942 ## - EKLENDİ GİRİŞ ELEMANLARI (KOHA) | |
| Sınıflandırma Veya Raf Düzeni Kaynak | Dewey Decimal Classification |
| Koha Öğesi Türü | Books |
| Kalıcı Konum | Mevcut Konum | Edinme Tarihi | Toplam Check-Out'Lar | Tam Çağrı Numarası | Barkod | Tarih Son Görülme | İtibaren Geçerli Fiyatlar | Sigara Kamu Notu | Koha Öğesi Türü |
|---|---|---|---|---|---|---|---|---|---|
| CHP Kütüphanesi | CHP Kütüphanesi | 11/12/2021 | 338.04 T96 2021 | 020121 | 11/12/2021 | 11/12/2021 | Kemal Kılıçdaroğlu bağışıdır. | Books |
